Dr. Doncbach tells you what you always wanted to know about vitamins / (Record no. 10618)
[ view plain ]
| 000 -LEADER | |
|---|---|
| fixed length control field | 00607nam a22001817a 4500 |
| 003 - CONTROL NUMBER IDENTIFIER | |
| control field | SISC |
| 005 - DATE AND TIME OF LATEST TRANSACTION | |
| control field | 20160203151034.0 |
| 008 - FIXED-LENGTH DATA ELEMENTS--GENERAL INFORMATION | |
| fixed length control field | 130907t xxu||||| |||| 00| 0 eng d |
| 050 ## - LIBRARY OF CONGRESS CALL NUMBER | |
| Classification number | RM 259 |
| Item number | .D687 1981 |
| 082 ## - DEWEY DECIMAL CLASSIFICATION NUMBER | |
| Classification number | HS 613.28 |
| Item number | D 1981 |
| 100 ## - MAIN ENTRY--PERSONAL NAME | |
| Personal name | Donsbach, Kurt W. |
| 9 (RLIN) | 17110 |
| 245 ## - TITLE STATEMENT | |
| Title | Dr. Doncbach tells you what you always wanted to know about vitamins / |
| Statement of responsibility, etc | Kurt W. Donsbach. |
| 260 ## - PUBLICATION, DISTRIBUTION, ETC. (IMPRINT) | |
| Place of publication, distribution, etc | Hunting Beach, CA : |
| Name of publisher, distributor, etc | The International Institute of health Sciences, Inc, |
| Date of publication, distribution, etc | c1981. |
| 300 ## - PHYSICAL DESCRIPTION | |
| Extent | 27 p. ; |
| Dimensions | 21 cm. |
| 650 ## - SUBJECT ADDED ENTRY--TOPICAL TERM | |
| Topical term or geographic name as entry element | Vitamins (applied nutrition) |
| 9 (RLIN) | 17111 |
| 942 ## - ADDED ENTRY ELEMENTS (KOHA) | |
| Source of classification or shelving scheme | Library of Congress Classification |
| Koha item type | Books |
| Withdrawn status | Lost status | Source of classification or shelving scheme | Damaged status | Home library | Current library | Shelving location | Date acquired | Total Checkouts | Full call number | Barcode | Date last seen | Copy number | Price effective from | Koha item type |
|---|---|---|---|---|---|---|---|---|---|---|---|---|---|---|
| Library of Congress Classification | Luxembourg Library | Luxembourg Library | High School Section | 09/07/2013 | RM 259 .D687 1981 | 11298 | 05/25/2015 | 1 | 10/03/2013 | Books |